Resolución de conflictos y aprendizaje emocional: una perspectiva de género

Saved in:
Bibliografiske detaljer
Hovedforfatter: Sastre Vilarrasa, Genoveva (Author)
Andre forfattere: Moreno Marimón, Montserrat (autora)
Format: Bog
Sprog:spansk
Udgivet: Barcelona Gedisa 2002
Serier:Biblioteca de Educación. Prevención, Administración y Resolución de Conflictos, 1
Fag:
Tags: Tilføj Tag
Ingen Tags, Vær først til at tagge denne postø!

MARC

LEADER 00000nam a2200000 a 4500
001 UCL0299
003 CL-VaPUC
008 030704e20020000SP |||||||||||||||||spa|d
020 |a 8474328888 
082 0 4 |a 370.15  |b SAS  |2 21 
100 0 |a Sastre Vilarrasa, Genoveva  |e author  |9 477040 
700 |a Moreno Marimón, Montserrat  |e autora  |9 594572 
245 1 0 |a Resolución de conflictos y aprendizaje emocional: una perspectiva de género 
300 |a 286 p 
942 |c BK 
945 |d 20030704 00:00:00  |a cmena 
260 |a Barcelona  |b Gedisa  |c 2002 
650 0 |a Psicología educacional   |9 307830 
650 0 |a Resolución de conflictos  |9 434922 
650 0 |a Relaciones interpersonales  |9 307056 
650 0 |a Desarrollo emocional  |9 313058 
650 0 |a Educación básica   |9 224933 
583 |a last modification  |c 20030704 00:00:00  |k Rodrigo Vera 
490 0 |a Biblioteca de Educación. Prevención, Administración y Resolución de Conflictos, 1 
999 |c 304238  |d 304236 
952 |0 0  |1 0  |4 0  |6 370_150000000000000_SAS_2002  |7 0  |8 A  |9 366159  |a BIBEDU  |b BIBEDU  |d 2019-11-21  |i 391786K  |o 370.15 SAS 2002  |p 391786K  |r 2019-11-21  |w 2019-11-21  |y BK  |k PSI